000
00454nam a2200145Ia 4500
008
100122s9999 xx 000 0 und d
082
_b
60088
_a
823
100
_a
जोशी शशिकांत
245
_a
उचलली जीभ नि.....
260
_b
योगिता प्रकाशन
_c
2001
300
_a
100
630
_a
उचलली जीभ नि.....
730
_a
उचलली जीभ नि.....
942
_c
BOOK
999
_c
435365
_d
435362